The complete guide to solaris 9 / (Record no. 62630)

MARC details
000 -LEADER
fixed length control field 00543nam a22001577a 4500
005 - DATE AND TIME OF LATEST TRANSACTION
control field 20120213130829.0
020 ## - INTERNATIONAL STANDARD BOOK NUMBER
International Standard Book Number 8176356794
Terms of availability 180.00
035 ## - SYSTEM CONTROL NUMBER
System control number B-93871
037 ## - SOURCE OF ACQUISITION
Stock number DPL
Source of stock number/acquisition ENG
100 ## - MAIN ENTRY--PERSONAL NAME
Personal name Brown, Martin C.
245 ## - TITLE STATEMENT
Title The complete guide to solaris 9 /
Statement of responsibility, etc by Martin C. Brown
260 ## - PUBLICATION, DISTRIBUTION, ETC. (IMPRINT)
Place of publication, distribution, etc New Delhi
Name of publisher, distributor, etc Techmedia
Date of publication, distribution, etc 2003
300 ## - PHYSICAL DESCRIPTION
Extent xix, 388p
Dimensions 22 cms.
942 ## - ADDED ENTRY ELEMENTS (KOHA)
Source of classification or shelving scheme Dewey Decimal Classification
Item type English Books
Classification part 005.43
Call number suffix BRO
Holdings
Withdrawn status Lost status Not for loan Collection code Home library Current library Date acquired Cost, normal purchase price Full call number Barcode Cost, replacement price Koha item type
      Non-fiction Sarojini Nagar Sarojini Nagar 13/02/2012 180.00 005.43 BRO B-93871 180.00 English Books

© Delhi Public Library
Hit Counter
free hit counter